Cooperation between Universities and Companies in less Developed Regions of the Slovak Republic

Spolupráca výrobných podnikov a univerzít v menej rozvinutých regiónoch Slovenskej Republiky v súčasnosti. Spolupráca medzi podnikmi a univerzitami, a hlavne spolupráca vo výskume, je kľúčový faktor pre rozvoj inovácií, následovaný ekonomickým rastom.

Salvato in:
Dettagli Bibliografici
Autore principale: Glittová, Klaudia, 1995-
Altri autori: Šebo, Juraj, Šipikal, Miroslav, 1976-
Natura: Capitolo di libro
Lingua:inglese
Soggetti:
Tags: Aggiungi Tag
Nessun Tag, puoi essere il primo ad aggiungerne!!

MARC

LEADER 00000naa$a2200000$$$4500
001 0286603
005 20240502083915.0
041 0 |a eng 
044 |a CZ 
245 1 0 |a Cooperation between Universities and Companies in less Developed Regions of the Slovak Republic  |c Klaudia Glittová, Juraj Šebo, Miroslav Šipikal 
520 |a Spolupráca výrobných podnikov a univerzít v menej rozvinutých regiónoch Slovenskej Republiky v súčasnosti. Spolupráca medzi podnikmi a univerzitami, a hlavne spolupráca vo výskume, je kľúčový faktor pre rozvoj inovácií, následovaný ekonomickým rastom. 
610 2 0 |a výskum 
610 2 0 |a univerzity 
610 2 0 |a spolupráca regionálna 
610 2 0 |a spolupráca podnikov 
610 2 0 |a spolupráca rozvojová 
610 2 0 |a regióny 
100 1 |a Glittová, Klaudia, 1995- 
700 1 |a Šebo, Juraj 
700 1 |a Šipikal, Miroslav, 1976-